Science and public policy : the virtuous corruption of virtual environmental science

Αποθηκεύτηκε σε:
Λεπτομέρειες βιβλιογραφικής εγγραφής
Κύριος συγγραφέας: Kellow, Aynsley J. (Aynsley John) 1951-
Μορφή: Βιβλίο
Γλώσσα:English
Δημοσίευση: Cheltenham, UK : Edward Elgar, 2007
Θέματα:
Ετικέτες: Προσθήκη ετικέτας
Δεν υπάρχουν, Καταχωρήστε ετικέτα πρώτοι!

MARC

LEADER 00000nam a2200000 i 4500
001 1/90503
008 080704s2007 eng d
020 |a 978-1-84720-470-7 (hbk.) 
035 |l 10098713 
040 |a GR-MY-UA  |b gre  |e aacr 
041 0 |a eng 
082 0 |a 363.70561  |2 (22) 
100 1 |a Kellow, Aynsley J.  |q (Aynsley John)  |d 1951- 
245 1 0 |a Science and public policy :  |b the virtuous corruption of virtual environmental science /  |c Aynsley Kellow 
260 |a Cheltenham, UK :   |b Edward Elgar,   |c 2007 
300 |a x, 218 σ.;  |b εικ.;  |c 24 εκ. 
504 |a Βιβλιογραφία: σ. 180-208 
504 |a Ευρετήριο: σ. 209-218 
650 0 0 |a Environmental policy. 
650 0 0 |a Precautionary principle. 
650 0 0 |a Science and state. 
650 0 0 |a Corruption. 
852 |a INST  |b LESVOS  |e 20080704  |h 363.70561 KEL  |p 005100042211  |q 005100042211  |t BK  |y 0 
901 |a BIBL1-2008-2 
909 |a Λ  |b 152133 
922 |a 1ΕΛΗ  |b 200803  |c ΕΠΕΑΕΚ2/ΤΠ  |d ΕΛΕΥΘΕΡΟΥΔΑΚΗΣ 
970 |a ΓΙΑΛΑΜΑ  |b ΜΑΡΙΑ  |z 2008/07/04